31-40 - Statystyki

Ogólne statystyki
  • Ten quiz został rozwiązany 89 razy
  • Średni wynik to 10 z 10
Statystyki odpowiedzi
31-40 % Poprawnych
31
100%
32
99%
33
99%
40
99%
34
98%
35
98%
36
98%
37
98%
38
98%
39
98%
Nie znaleziono quizów pasujących do podanych kryteriów
Rozkład punktacji
Procent ludzi z każdym wynikiem
Percentyl według liczby udzielonych odpowiedzi
Twoja historia wyników
Nie rozwiązałeś tego quizu